Statistics for Anime Logo Quiz

Click here to take the quiz!

General Stats

  • This quiz has been taken 207 times
  • The average score is 6 of 25

Answer Stats

Answer% Correct
JoJo's Bizarre Adventure: Diamond is Unbreakable
94%
Toradora!
70%
K-On!
56%
Black Butler
48%
KILL la KILL
42%
Demon Slayer: Kimetsu no Yaiba
27%
Durarara!!
27%
Miss Kobayashi's Dragon Maid
23%
Love, Chunibyo & Other Delusions!
21%
Inuyasha
19%
My Teen Romantic Comedy SNAFU
18%
The Helpful Fox Senko-san
12%
Kakegurui
11%
Kiznaiver
11%
YuruYuri:
Happy Go Lily
10%
Laid-Back Camp
10%
Azumanga Daioh
10%
Tamako Market
9%
We Never Learn
8%
Prison School
8%
Nyaruko:
Crawling With Love!
7%
Interspecies Reviewers
7%
The Saga of
Tanya the Evil
4%
Dropkick
On My Devil!
4%
WataMote: No Matter How I Look At It, It's You Guys' Fault I'm Unpopular!
3%

Score Distribution

Percentile by Number Answered

Percent of People with Each Score

Your Score History

You have not taken this quiz